[Event "Ä13Â"]
[Site "Loo"]
[Date "2017.04.26"]
[Round "7.27"]
[White "Ãðèãîðÿí, Ñîíà."]
[Black "Êîñòèíà, Àëåêñàíäðà."]
[Result "1-0"]
[WhiteElo "1527"]
[BlackElo "1442"]
[PlyCount "79"]
[EventDate "2017.04.20"]

1. e4 e5 2. Nf3 Nc6 3. Bc4 Nf6 4. d3 d6 5. Ng5 d5 6. exd5 Na5 7. Nc3 Bb4 8. Qf3
Bxc3+ 9. bxc3 Nxc4 10. dxc4 Bg4 11. Qg3 O-O 12. O-O h6 13. Nf3 e4 14. Ne5 Be2
15. Re1 Nh5 16. Qh3 Qd6 17. Nd7 Bxc4 18. Nxf8 Nf6 19. Bxh6 gxh6 20. Qxh6 Rxf8
21. Re3 Ng4 22. Qg5+ Qg6 23. Qxg6+ fxg6 24. Rxe4 Bxd5 25. Rxg4 Kg7 26. Rd1 Re8
27. h3 Bc6 28. Kf1 Re5 29. Re1 Ra5 30. Re6 Rxa2 31. Rgxg6+ Kf7 32. h4 Rxc2 33.
h5 Rc1+ 34. Ke2 Bxg2 35. h6 Rh1 36. Rgf6+ Kg8 37. Re8+ Kh7 38. Re7+ Kg8 39.
Rg7+ Kh8 40. Rf8# 1-0

[Event "Ä13Â"]
[Site "Loo"]
[Date "2017.04.26"]
[Round "7.29"]
[White "Áàêóëîâà, Òàòüÿíà."]
[Black "Àáðàìîâà, Òàòüÿíà."]
[Result "0-1"]
[WhiteElo "1395"]
[BlackElo "1508"]
[PlyCount "112"]
[EventDate "2017.04.20"]

1. d4 f5 2. c4 d6 3. Nf3 Nf6 4. Nc3 g6 5. Bg5 Nbd7 6. e3 Bg7 7. Bd3 O-O 8. O-O
e5 9. dxe5 dxe5 10. Bc2 e4 11. Nd4 Ne5 12. Qe2 a6 13. Rad1 Qe8 14. Bf4 c6 15.
Bb3 Kh8 16. c5 Nh5 17. Bxe5 Bxe5 18. Na4 Qe7 19. f4 exf3 20. Nxf3 Bf4 21. Rfe1
Re8 22. Rd3 Bh6 23. Qd2 Be6 24. Qc3+ Nf6 25. Nb6 Rad8 26. Rxd8 Rxd8 27. Ne5
Bxb3 28. axb3 Bg7 29. Nec4 Qxc5 30. Na4 Qe7 31. Qc2 Qe4 32. Qc1 Qe7 33. Nd2 Bh6
34. Qc3 Kg8 35. Nf3 Nd5 36. Qc2 Bxe3+ 37. Kf1 Qf6 38. Nc3 Bh6 39. Nxd5 Rxd5 40.
Re8+ Bf8 41. Re1 Rc5 42. Qd2 Qd6 43. Qe3 Qd5 44. Nd4 Qd7 45. Ne6 Rd5 46. Nxf8
Kxf8 47. Qh6+ Kg8 48. Qc1 Rd3 49. Qc4+ Qd5 50. Qxd5+ Rxd5 51. Re8+ Kf7 52. Rc8
Rd7 53. Ke2 Ke6 54. Re8+ Kd5 55. Re3 Kc5 56. Rc3+ Kb5 0-1

[Event "Ä11Â"]
[Site "Loo"]
[Date "2017.04.26"]
[Round "7.1"]
[White "Ïîëÿòî, Èðèíà."]
[Black "Øâåäîâà, Àëåêñàíäðà."]
[Result "1-0"]
[WhiteElo "1475"]
[BlackElo "1522"]
[PlyCount "127"]
[EventDate "2017.04.20"]

1. d4 d5 2. c4 e6 3. Nc3 Be7 4. cxd5 exd5 5. Bf4 c6 6. e3 Bf5 7. Bd3 Bg6 8. Nf3
Nf6 9. h3 O-O 10. Bxg6 hxg6 11. O-O Nbd7 12. Rb1 Ne8 13. Qc2 Ndf6 14. Rfc1 Nd6
15. Ne5 Nfe4 16. Na4 Bh4 17. Nd3 Nc4 18. Nac5 Qe7 19. Nxe4 Qxe4 20. Ne5 Qxc2
21. Rxc2 Nxe5 22. Bxe5 Be7 23. b4 a6 24. Bc7 Bd8 25. Bd6 Re8 26. a4 Be7 27.
Bxe7 Rxe7 28. Rc5 Rd7 29. Kf1 Kf8 30. Ke2 Ke7 31. Kd3 Kd6 32. Rbc1 Rc7 33. R5c2
Rac8 34. f3 b6 35. e4 f6 36. Rb2 Rb8 37. b5 axb5 38. axb5 c5 39. Ra2 c4+ 40.
Kc3 Re7 41. Re1 Rbb7 42. Ra6 g5 43. Ra8 Kc7 44. Rea1 dxe4 45. fxe4 Rxe4 46.
Kxc4 Re2 47. R1a2 Rxa2 48. Rxa2 Kd6 49. Ra6 f5 50. Kd3 Kd5 51. Ra8 Rd7 52. Rb8
Rd6 53. Rb7 g6 54. Rb8 f4 55. Re8 Re6 56. Rxe6 Kxe6 57. Ke4 Kd6 58. d5 Kc5 59.
Ke5 Kxb5 60. d6 Kc6 61. Ke6 b5 62. d7 b4 63. d8=Q b3 64. Qd5+ 1-0

[Event "Ä11Â"]
[Site "Loo"]
[Date "2017.04.26"]
[Round "7.2"]
[White "Øóáåíêîâà, Âåðîíèêà."]
[Black "Ìèõååâà, Ãàëèíà."]
[Result "1/2-1/2"]
[WhiteElo "1515"]
[BlackElo "1569"]
[PlyCount "95"]
[EventDate "2017.04.20"]

1. d4 Nf6 2. c4 e6 3. Nc3 Bb4 4. Bg5 h6 5. Bxf6 Qxf6 6. Rc1 Nc6 7. e3 O-O 8.
Nf3 d5 9. a3 Bxc3+ 10. Rxc3 Rd8 11. cxd5 Rxd5 12. Bc4 Rd8 13. O-O a6 14. a4 Na5
15. Bd3 Nc6 16. Bb1 Qe7 17. Qc2 f5 18. Rd1 Qd6 19. e4 Nb4 20. Qe2 Bd7 21. b3
Kh7 22. Ne5 Rf8 23. Qh5 Rf6 24. Rg3 Be8 25. Qe2 Nc6 26. Nxc6 Qxc6 27. e5 Rf8
28. Qg4 g6 29. Qe2 Rd8 30. Qd2 Kg7 31. Rh3 Rh8 32. Qb4 Rd7 33. Rc3 Qb6 34. Qc4
Bf7 35. b4 Rhd8 36. Rcd3 Kh7 37. a5 Qb5 38. Qc5 b6 39. Qxb5 axb5 40. Bc2 g5 41.
axb6 cxb6 42. g4 Bg6 43. R3d2 fxg4 44. Bb3 Bf5 45. Kg2 Kg6 46. Kf1 h5 47. Ke1
h4 48. d5 1/2-1/2

[Event "Ä11Â"]
[Site "Loo"]
[Date "2017.04.26"]
[Round "7.3"]
[White "Ôðîëîâà, Àëèêà."]
[Black "Ôåäîðîâà, Îëåñÿ."]
[Result "0-1"]
[WhiteElo "1441"]
[BlackElo "1414"]
[PlyCount "136"]
[EventDate "2017.04.20"]

1. e4 c5 2. Nf3 Nc6 3. Bb5 Nf6 4. Nc3 Qc7 5. O-O Nd4 6. Bc4 e6 7. d3 Ng4 8. g3
Nxf3+ 9. Qxf3 Ne5 10. Qf4 d6 11. Bb3 Be7 12. Qe3 O-O 13. Bd2 a6 14. f4 Nc6 15.
f5 Bf6 16. Qe2 Nd4 17. Qg4 exf5 18. exf5 Nxb3 19. axb3 Qc6 20. Be3 d5 21. Bf2
b5 22. Ne2 Bxb2 23. Ra2 Bf6 24. Nf4 Bb7 25. Nh5 d4 26. Nxf6+ Qxf6 27. Be1 Qc6
28. Qe4 Qxe4 29. dxe4 Bxe4 30. Rf4 Bb7 31. Rg4 f6 32. Ra1 Rfe8 33. Bd2 Be4 34.
Bh6 g6 35. fxg6 hxg6 36. h4 Bxc2 37. Rc1 Bf5 38. Rf4 Kh7 39. g4 Bxg4 40. Rxg4
Kxh6 41. Rxc5 Rad8 42. Rc2 d3 43. Rd2 Re2 44. Rg2 Rxd2 45. Rxd2 Kh5 46. Kf2
Kxh4 47. Ke3 Re8+ 48. Kf4 g5+ 49. Kf3 g4+ 50. Kf4 g3 51. Rg2 Re2 52. Rxg3 Re4+
53. Kxe4 Kxg3 54. Kxd3 f5 55. Ke2 f4 56. Kf1 Kf3 57. b4 Ke3 58. Ke1 f3 59. Kf1
f2 60. Kg2 Ke2 61. Kh2 f1=Q 62. Kg3 Qf3+ 63. Kh4 Qg2 64. Kh5 Kf3 65. Kh6 Kf4
66. Kh7 Kf5 67. Kh8 Kf6 68. Kh7 Qg7# 0-1

[Event "Ä11Â"]
[Site "Loo"]
[Date "2017.04.26"]
[Round "7.4"]
[White "Êåêååâà, Ñîôèÿ."]
[Black "Êëåéìåíîâà, Âàëåðèÿ."]
[Result "0-1"]
[WhiteElo "1328"]
[BlackElo "1465"]
[PlyCount "148"]
[EventDate "2017.04.20"]

1. e4 c5 2. Nf3 Nc6 3. d4 cxd4 4. Nxd4 d6 5. Nc3 e6 6. Be3 Be7 7. Be2 Nf6 8.
O-O O-O 9. f4 Bd7 10. Qe1 a6 11. Qg3 Qc7 12. Nxc6 Bxc6 13. e5 dxe5 14. fxe5 Ne8
15. Bd3 g6 16. Kh1 Ng7 17. Bh6 Rfd8 18. Qf2 Rf8 19. Rae1 b5 20. Nb1 Qd8 21. Be4
Qc7 22. Nd2 Bxe4 23. Nxe4 Qxe5 24. c3 Qh5 25. Bxg7 Kxg7 26. Nf6 Bxf6 27. Qxf6+
Kg8 28. Re5 Qh6 29. Rd1 Qg7 30. Qf4 Rfd8 31. Ree1 Qf8 32. Qc7 Rxd1 33. Rxd1 Rc8
34. Qd6 Qxd6 35. Rxd6 Ra8 36. Kg1 Kg7 37. Kf2 Kf6 38. Ke3 Ra7 39. Rd4 e5 40.
Rd2 Ke6 41. Kf3 Rd7 42. Rxd7 Kxd7 43. Ke4 Ke6 44. h4 f5+ 45. Ke3 Kd5 46. g3 h6
47. Kd3 g5 48. hxg5 hxg5 49. Ke3 f4+ 50. gxf4 gxf4+ 51. Kf3 Kc4 52. Ke4 Kc5 53.
b3 Kd6 54. a3 Kc5 55. Kd3 Kd5 56. Ke2 Ke4 57. c4 bxc4 58. bxc4 Kd4 59. c5 Kxc5
60. Kd3 Kd5 61. a4 e4+ 62. Ke2 Kd4 63. Ke1 e3 64. Ke2 Ke4 65. a5 f3+ 66. Ke1
Kd3 67. Kf1 f2 68. Kg2 Ke2 69. Kg3 f1=Q 70. Kg4 Kd2 71. Kg3 e2 72. Kg4 e1=Q 73.
Kg5 Qg3+ 74. Kh6 Qh1# 0-1

[Event "Ä11Â"]
[Site "Loo"]
[Date "2017.04.26"]
[Round "7.5"]
[White "Ìàéêîâåö, ßíà."]
[Black "Êîðîâèíà, ßíà."]
[Result "0-1"]
[WhiteElo "1401"]
[BlackElo "1416"]
[PlyCount "112"]
[EventDate "2017.04.20"]

1. d4 Nf6 2. c4 e6 3. Nf3 b6 4. e3 Bb7 5. Bd3 d5 6. cxd5 exd5 7. Nc3 a6 8. O-O
Ne4 9. Nd2 f5 10. f3 Nxd2 11. Qxd2 Qf6 12. Ne2 Bd6 13. e4 O-O 14. e5 Bxe5 15.
dxe5 Qxe5 16. Qf4 Qe7 17. b3 c5 18. Qg3 b5 19. Re1 c4 20. Bc2 Nc6 21. Bb2 Rad8
22. Nf4 Qf7 23. Bxf5 Bc8 24. Ne6 Qa7+ 25. Kh1 Bxe6 26. Bxe6+ Kh8 27. bxc4 bxc4
28. Rad1 Nb4 29. Ba3 Nc2 30. Bxf8 Nxe1 31. Bxg7+ Qxg7 32. Qxg7+ Kxg7 33. Rxe1
Re8 34. f4 d4 35. f5 c3 36. Rf1 d3 37. f6+ Kf8 38. Bf5 d2 39. Bc2 Re1 40. Kg1
Rc1 41. Kf2 Rxc2 42. Ke2 Rc1 43. Rd1 Rxd1 44. Kxd1 Kf7 45. g4 Kxf6 46. h4 Ke5
47. g5 Kf4 48. a4 Kg4 49. a5 Kxh4 50. g6 hxg6 51. Kc2 g5 52. Kd1 g4 53. Kc2 g3
54. Kd1 g2 55. Kc2 g1=Q 56. Kb3 d1=Q+ 0-1

[Event "Ä11Â"]
[Site "Loo"]
[Date "2017.04.26"]
[Round "7.6"]
[White "Êîìèññàðîâà, Ñîéæèíà."]
[Black "Ïøåâñêàÿ, ßíà."]
[Result "1/2-1/2"]
[WhiteElo "1404"]
[BlackElo "1345"]
[PlyCount "124"]
[EventDate "2017.04.20"]

1. Nf3 Nf6 2. c4 c5 3. g3 b6 4. Bg2 Bb7 5. O-O e6 6. Nc3 d6 7. d4 cxd4 8. Nxd4
Bxg2 9. Kxg2 a6 10. b3 Nbd7 11. Bb2 Qc7 12. e4 Be7 13. f3 O-O 14. Rc1 Rac8 15.
Nce2 Qb8 16. Ba1 Rc7 17. Qd2 Rfc8 18. Rfd1 Qb7 19. Qe3 Nc5 20. Nc3 Qb8 21. Rc2
Ncd7 22. Rdd2 Qb7 23. Nd1 Qb8 24. Nf2 b5 25. cxb5 Rxc2 26. Rxc2 Rxc2 27. Nxc2
Qxb5 28. Nd4 Qb6 29. Qc3 Qc5 30. Qxc5 Nxc5 31. Nc6 Kf8 32. b4 Ncd7 33. a4 Nb6
34. a5 Nbd7 35. Nd3 Ke8 36. b5 axb5 37. Na7 Nb8 38. Nxb5 Na6 39. e5 dxe5 40.
Bxe5 Kd8 41. Nd4 Kd7 42. Bf4 Bd6 43. Ne5+ Bxe5 44. Bxe5 Ne8 45. Nb3 f6 46. Bd4
Kc6 47. Bb6 Nec7 48. Nd4+ Kd5 49. Nb3 e5 50. Kf2 Nb5 51. Ke3 Nd6 52. Kd3 f5 53.
Ke2 e4 54. fxe4+ Nxe4 55. Nd4 g6 56. Nb5 Nec5 57. Nc7+ Nxc7 58. Bxc7 Ke4 59.
Bb6 Na6 60. Be3 Nb4 61. Bc5 Na6 62. Be3 h5 1/2-1/2

[Event "Ä11Â"]
[Site "Loo"]
[Date "2017.04.26"]
[Round "7.7"]
[White "Ñâåðãèíà, Ñîôüÿ."]
[Black "Ìàêîãîí, Åëåíà."]
[Result "1-0"]
[WhiteElo "1228"]
[BlackElo "1374"]
[PlyCount "51"]
[EventDate "2017.04.20"]

1. e4 c5 2. Nf3 d6 3. d4 cxd4 4. Nxd4 Nf6 5. Nc3 a6 6. Be3 e6 7. f3 Be7 8. Qd2
Nbd7 9. g4 h6 10. O-O-O Qc7 11. Kb1 b5 12. a3 Ne5 13. h4 Nc4 14. Bxc4 bxc4 15.
g5 hxg5 16. hxg5 Nh7 17. Rh2 Kf8 18. Rdh1 Kg8 19. f4 e5 20. Nf5 g6 21. Nd5 Qb7
22. Nfxe7+ Kg7 23. Rxh7+ Rxh7 24. Rxh7+ Kxh7 25. Qh2+ Kg7 26. Qh6# 1-0

[Event "Ä11Â"]
[Site "Loo"]
[Date "2017.04.26"]
[Round "7.8"]
[White "Áûêîâñêèõ, Åêàòåðèíà."]
[Black "Øóõìàí, Àííà."]
[Result "1/2-1/2"]
[WhiteElo "1308"]
[BlackElo "1308"]
[PlyCount "84"]
[EventDate "2017.04.20"]

1. e4 c5 2. Nf3 a6 3. d4 cxd4 4. Nxd4 Nf6 5. Nc3 e5 6. Nf3 Bb4 7. Bg5 Bxc3+ 8.
bxc3 Qa5 9. Bxf6 Qxc3+ 10. Nd2 gxf6 11. Bc4 Rg8 12. O-O Qh3 13. Qf3 Qxf3 14.
Nxf3 Nc6 15. Rad1 b5 16. Bb3 Bb7 17. Rd6 Ke7 18. Rd2 Rad8 19. Rfd1 Nb8 20. Re1
Rg4 21. Rde2 Rc8 22. h3 Rgg8 23. Nh4 Kf8 24. Nf5 Rc6 25. Rd1 Rb6 26. Rd6 Rxd6
27. Nxd6 Bc6 28. Bxf7 Rg7 29. Bb3 a5 30. a3 Na6 31. Nf5 Rg5 32. f3 Nc5 33. Ba2
Na4 34. Re3 Nb6 35. Rd3 Na4 36. Rd6 Rg6 37. Nh4 Rh6 38. Nf5 Rg6 39. Nh4 Rh6 40.
Nf5 Rg6 41. Nh4 Rh6 42. Nf5 Rg6 1/2-1/2

[Event "Ä11Â"]
[Site "Loo"]
[Date "2017.04.26"]
[Round "7.9"]
[White "Ñóäàðêèíà, Åêàòåðèíà."]
[Black "Çàéöåâà, Äàðüÿ."]
[Result "1/2-1/2"]
[WhiteElo "1292"]
[BlackElo "1348"]
[PlyCount "85"]
[EventDate "2017.04.20"]

1. e4 c5 2. Nc3 Nc6 3. f4 g6 4. Nf3 Bg7 5. Be2 e6 6. O-O Nge7 7. d3 O-O 8. Qe1
d5 9. Qg3 Nd4 10. Bd1 Nec6 11. Ne2 b6 12. Nexd4 Nxd4 13. c3 Nc6 14. Be3 Ba6 15.
Be2 dxe4 16. Ne5 Nxe5 17. fxe5 exd3 18. Bf3 Rc8 19. Rad1 c4 20. h4 Qc7 21. Bf4
Qc5+ 22. Kh1 h6 23. Rfe1 Qe7 24. h5 g5 25. Be3 Rc7 26. Kg1 Bb7 27. Bxb7 Rxb7
28. Bd4 f6 29. exf6 Bxf6 30. Bxf6 Rxf6 31. Qe3 Qc5 32. Qxc5 bxc5 33. Rd2 Kf7
34. Re5 Rf5 35. Re4 Rf4 36. Re5 Re7 37. g3 Rg4 38. Kf2 Kf6 39. Re3 Kf5 40. Kf3
Rd7 41. a3 Rd6 42. Re1 a6 43. Re3 1/2-1/2

[Event "Ä11Â"]
[Site "Loo"]
[Date "2017.04.26"]
[Round "7.10"]
[White "Èëüèíà, Ìàðãàðèòà."]
[Black "Ãóðãåíèäçå, Àëåêñàíäðà."]
[Result "1/2-1/2"]
[WhiteElo "1226"]
[BlackElo "1433"]
[PlyCount "142"]
[EventDate "2017.04.20"]

1. e4 Nc6 2. Nf3 d5 3. exd5 Qxd5 4. Nc3 Qa5 5. d4 Bg4 6. Be3 O-O-O 7. h3 Bxf3
8. Qxf3 e5 9. dxe5 Nxe5 10. Qf5+ Kb8 11. Qf4 Nc6 12. Qxf7 Nf6 13. Qb3 Bb4 14.
a3 Ne4 15. Rb1 Bxc3+ 16. bxc3 Qxc3+ 17. Qxc3 Nxc3 18. Rc1 Rhe8 19. Bc4 b5 20.
Bxb5 Nxb5 21. Rb1 Ncd4 22. c4 Nc2+ 23. Ke2 Ncxa3 24. Rb3 Nxc4 25. Rxb5+ Ka8 26.
Ra1 Nxe3 27. fxe3 c6 28. Rba5 Rd7 29. Rb1 Rde7 30. Rb3 Rb7 31. Rba3 Ree7 32.
Ra6 c5 33. Rc3 Rb6 34. Ra5 Rb2+ 35. Kf3 Rf7+ 36. Kg3 Rff2 37. Raxc5 Rxg2+ 38.
Kf4 Rb4+ 39. Kf3 Rgb2 40. Rc7 Rb7 41. Kg3 R2b6 42. Kf2 Rf6+ 43. Kg2 a5 44. e4
a4 45. R7c4 Rb2+ 46. Kg3 Ra6 47. Rc1 a3 48. Rc8+ Kb7 49. R8c7+ Kb6 50. Rxg7 a2
51. Ra1 h5 52. Rg6+ Kb5 53. Rxa6 Kxa6 54. e5 Kb5 55. Kf4 Rb4+ 56. Kf5 Rb2 57.
Kf6 Rf2+ 58. Ke7 Kb4 59. e6 Kb3 60. Kd8 Rd2+ 61. Kc7 Kb2 62. Rxa2+ Kxa2 63. e7
Re2 64. Kd7 Rd2+ 65. Kc7 Re2 66. Kd7 Rd2+ 67. Kc7 Re2 68. Kd7 Rd2+ 69. Kc7 Re2
70. Kd7 Rd2+ 71. Kc7 Re2 1/2-1/2

[Event "Ä11Â"]
[Site "Loo"]
[Date "2017.04.26"]
[Round "7.11"]
[White "Ìîíãóø, Ìèëåíà."]
[Black "Êàðìàíîâà, Îëüãà."]
[Result "1/2-1/2"]
[WhiteElo "1421"]
[BlackElo "1299"]
[PlyCount "64"]
[EventDate "2017.04.20"]

1. d4 d5 2. Nf3 Nf6 3. e3 c5 4. b3 Nc6 5. Bb2 cxd4 6. exd4 Bg4 7. Be2 e6 8.
Nbd2 Bd6 9. Ne5 Bf5 10. a3 Qc7 11. f4 Ne4 12. Nxe4 Bxe4 13. O-O O-O 14. g3 Bxe5
15. fxe5 Qb6 16. Rf2 Rac8 17. Bd3 Bxd3 18. Qxd3 Ne7 19. Raf1 Nf5 20. Kh1 Qd8
21. Qd2 Qe7 22. Kg1 h5 23. Bc3 Qd8 24. Bb4 Re8 25. a4 Qb6 26. Bc5 Qc7 27. Bb4
Qb6 28. Bc5 Qc7 29. Bb4 Qb6 30. Bc5 Qc7 31. Bb4 Qb6 32. Bc5 Qc7 1/2-1/2

[Event "Ä11Â"]
[Site "Loo"]
[Date "2017.04.26"]
[Round "7.12"]
[White "Êóçíåöîâà, Îëüãà."]
[Black "Øåâÿêîâà, Àëåíà."]
[Result "1-0"]
[WhiteElo "1405"]
[BlackElo "1164"]
[PlyCount "95"]
[EventDate "2017.04.20"]

1. e4 d5 2. exd5 Qxd5 3. Nc3 Qd6 4. Be2 Nf6 5. Nf3 a6 6. d4 Bg4 7. O-O e6 8.
Re1 Be7 9. h3 Bh5 10. Ne5 Bxe2 11. Rxe2 Nc6 12. Nxc6 Qxc6 13. Bg5 O-O 14. Bf4
Rad8 15. Re3 Rd7 16. Ne2 Nd5 17. Rg3 Nxf4 18. Nxf4 Qe4 19. Qg4 Qxd4 20. Re1 Rd6
21. c3 Qf6 22. Nh5 Qg6 23. Qf3 Qh6 24. Rxg7+ Kh8 25. g4 Rd7 26. Rxf7 Rxf7 27.
Qxf7 Qf8 28. Qxe6 Bc5 29. Qe5+ Kg8 30. Nf6+ Kf7 31. Nxd7 Qd6 32. Qf5+ Kg7 33.
Nxc5 Qg6 34. Qxg6+ Kxg6 35. Nxb7 Kf6 36. Nc5 a5 37. Nb7 a4 38. Nc5 a3 39. bxa3
h5 40. gxh5 c6 41. Ne4+ Kf5 42. a4 c5 43. a5 c4 44. a6 Kf4 45. a7 Kf3 46. a8=Q
Kf4 47. Qd5 Kf3 48. Qf5# 1-0

[Event "Ä11Â"]
[Site "Loo"]
[Date "2017.04.26"]
[Round "7.13"]
[White "Ëè, Äàðèíà."]
[Black "Àëåøèíà, Àðèíà."]
[Result "1-0"]
[WhiteElo "1310"]
[BlackElo "1391"]
[PlyCount "47"]
[EventDate "2017.04.20"]

1. e4 b6 2. d4 Bb7 3. Nc3 e6 4. Nf3 Bb4 5. Bd3 Nf6 6. Qe2 d5 7. exd5 Nxd5 8.
Bd2 Nxc3 9. bxc3 Be7 10. O-O O-O 11. Ne5 Qd5 12. f3 c5 13. Be4 Ba6 14. Bxd5
Bxe2 15. Bxa8 Bxf1 16. Kxf1 f5 17. Bc6 a6 18. d5 Rd8 19. c4 Bf6 20. Bc3 exd5
21. Bxd5+ Kf8 22. Re1 Re8 23. f4 h6 24. Ng6# 1-0

[Event "Ä11Â"]
[Site "Loo"]
[Date "2017.04.26"]
[Round "7.14"]
[White "Âèøíÿêîâà, Àëèñèÿ."]
[Black "Êóçíåöîâà, Þëèÿ."]
[Result "0-1"]
[WhiteElo "1370"]
[BlackElo "1304"]
[PlyCount "72"]
[EventDate "2017.04.20"]

1. d4 d5 2. c4 e6 3. Nc3 Nf6 4. Nf3 Be7 5. cxd5 exd5 6. Bf4 c6 7. e3 Bf5 8. Bd3
Bxd3 9. Qxd3 O-O 10. O-O Nbd7 11. Rab1 Re8 12. h3 Nb6 13. b4 a6 14. a4 Rc8 15.
b5 cxb5 16. axb5 a5 17. Ra1 Bb4 18. Na2 Ne4 19. Nxb4 axb4 20. Qb3 Qe7 21. Rfc1
Nc3 22. Kh1 Nc4 23. Bh2 Ra8 24. Ne5 Rxa1 25. Rxa1 Rc8 26. Nd3 Ne4 27. Kg1 Qg5
28. Nxb4 Ncd2 29. Qxd5 Nf3+ 30. Kf1 Nxh2+ 31. Ke1 Qxg2 32. Qf5 Nf3+ 33. Ke2
Qxf2+ 34. Kd3 Rc3+ 35. Kxe4 Qxe3+ 36. Kd5 Qxd4# 0-1

[Event "Ä11Â"]
[Site "Loo"]
[Date "2017.04.26"]
[Round "7.15"]
[White "Áóâàéëîâà, Ïîëèíà."]
[Black "Îëåñê, Êàìèëëà."]
[Result "0-1"]
[WhiteElo "1304"]
[BlackElo "1358"]
[PlyCount "68"]
[EventDate "2017.04.20"]

1. d4 Nf6 2. c4 e6 3. g3 Be7 4. Bg2 d5 5. Nf3 O-O 6. O-O b6 7. Nc3 c5 8. dxc5
bxc5 9. cxd5 exd5 10. Bf4 Bb7 11. Qb3 Qb6 12. Qxb6 axb6 13. Nb5 Nc6 14. Rfe1
Nb4 15. Na3 c4 16. Rec1 h6 17. Ne5 Bd6 18. Nexc4 Bxf4 19. gxf4 Rab8 20. Nd6 Ba6
21. Bf3 Rfd8 22. Nf5 d4 23. Nc2 Nxc2 24. Rxc2 d3 25. Rcc1 d2 26. Rd1 Kf8 27.
Rab1 Rd7 28. b3 Rc8 29. Kg2 Nd5 30. Rb2 Nxf4+ 31. Kg3 Nxe2+ 32. Kh4 Rc3 33.
Bxe2 Bxe2 34. Rdxd2 g5# 0-1

[Event "Ä11Â"]
[Site "Loo"]
[Date "2017.04.26"]
[Round "7.16"]
[White "Äîëèíñêàÿ, Ìàðèÿ."]
[Black "Øèõàëèåâà, Àðèàíà."]
[Result "1-0"]
[WhiteElo "1128"]
[BlackElo "1325"]
[PlyCount "129"]
[EventDate "2017.04.20"]

1. d4 d6 2. Nf3 Nf6 3. c4 g6 4. Nc3 Bg7 5. e4 Bg4 6. Be2 c6 7. O-O O-O 8. h3
Bxf3 9. Bxf3 Nbd7 10. Bg5 Ne8 11. Re1 f6 12. Be3 e5 13. d5 cxd5 14. Qxd5+ Rf7
15. Bg4 Nf8 16. Red1 h5 17. Bf3 a6 18. c5 Qa5 19. cxd6 Qxd5 20. Rxd5 Rd7 21.
Rad1 Ne6 22. Na4 Rb8 23. Ba7 Rbd8 24. Bb6 Rb8 25. Bc7 Rxc7 26. dxc7 N8xc7 27.
Rd7 Nb5 28. Be2 Nbd4 29. Bf1 b5 30. Nc3 Nc5 31. Rc7 Bf8 32. Nd5 Bd6 33. Nxf6+
Kf8 34. Rh7 Rb7 35. Rxb7 Nxb7 36. Rc1 Kf7 37. Nd5 Nc5 38. b4 Nxe4 39. Nc7 Bxb4
40. Nxa6 Ba5 41. Nc5 Nc3 42. Kh2 b4 43. Nb7 Bb6 44. Nd6+ Ke6 45. Nc4 Bd8 46. a3
b3 47. Rxc3 Bf6 48. Nb2 e4 49. Re3 Nf3+ 50. gxf3 Bxb2 51. Rxb3 Be5+ 52. Kg2
exf3+ 53. Kxf3 Bd6 54. a4 Kf5 55. a5 Bc7 56. a6 g5 57. Bd3+ Ke5 58. a7 g4+ 59.
hxg4 hxg4+ 60. Kxg4 Kf6 61. a8=Q Bd6 62. Qf3+ Ke7 63. Rb7+ Kd8 64. Qf7 Kc8 65.
Qd7# 1-0

[Event "Ä11Â"]
[Site "Loo"]
[Date "2017.04.26"]
[Round "7.17"]
[White "Ïåòðîâà, Åëèçàâåòà."]
[Black "Èñòîìèíà, Âàëåðèÿ."]
[Result "1/2-1/2"]
[WhiteElo "1350"]
[BlackElo "1364"]
[PlyCount "82"]
[EventDate "2017.04.20"]

1. d4 d5 2. c4 c6 3. Nc3 Nf6 4. Nf3 e6 5. Bf4 Nbd7 6. e3 dxc4 7. Bxc4 b5 8. Bd3
Bb7 9. O-O a6 10. h3 Be7 11. a3 O-O 12. b4 Nh5 13. Bh2 Nhf6 14. Ne2 a5 15. bxa5
Rxa5 16. a4 bxa4 17. Rxa4 Rxa4 18. Qxa4 c5 19. Ne5 cxd4 20. Nxd7 Nxd7 21. exd4
Nf6 22. Qc2 Qd5 23. f3 Rc8 24. Qb1 Bc6 25. Be5 h6 26. Nf4 Qd7 27. Rc1 Bd6 28.
Bxd6 Qxd6 29. Ne2 e5 30. dxe5 Qxe5 31. Qb6 Nd7 32. Qd4 Qe8 33. Ba6 Rc7 34. Bb5
Qc8 35. Bxc6 Rxc6 36. Rxc6 Qxc6 37. Qc3 Qd6 38. Qc8+ Kh7 39. Qc2+ Kg8 40. Qc8+
Kh7 41. Qc2+ Kg8 1/2-1/2

[Event "Ä11Â"]
[Site "Loo"]
[Date "2017.04.26"]
[Round "7.18"]
[White "Êèëüäèøîâà, Àëèíà."]
[Black "Ïëåùåâà, Äàðüÿ."]
[Result "1-0"]
[WhiteElo "1361"]
[BlackElo "1165"]
[PlyCount "125"]
[EventDate "2017.04.20"]

1. e4 e5 2. Nf3 Nc6 3. d4 exd4 4. Nxd4 Nf6 5. Nxc6 bxc6 6. Bd3 Bc5 7. O-O d6 8.
Nc3 O-O 9. Bf4 Re8 10. Re1 Ng4 11. Bg3 h5 12. Rf1 h4 13. Bf4 Qf6 14. Qf3 h3 15.
gxh3 Ne5 16. Qg3 Nxd3 17. cxd3 Bxh3 18. Qxh3 Qxf4 19. Qg3 Qh6 20. Rad1 Re6 21.
Kh1 Kh7 22. f4 Rg6 23. Qf3 Rh8 24. f5 Kg8 25. Qf4 Rg5 26. Rd2 Qh5 27. d4 Bb6
28. b4 c5 29. bxc5 dxc5 30. dxc5 Bxc5 31. Qxc7 Bb6 32. Qf4 Qh6 33. Qe5 Rg1+ 34.
Rxg1 Bxg1 35. Rd8+ Kh7 36. Rxh8+ Kxh8 37. Kxg1 Qc1+ 38. Kf2 Qd2+ 39. Kf3 Qd3+
40. Kg2 Qd2+ 41. Kh3 Qe3+ 42. Qg3 Qh6+ 43. Qh4 Kh7 44. Qxh6+ Kxh6 45. Nb5 a6
46. a4 Kg5 47. a5 Kf6 48. Nc7 Ke7 49. Nxa6 Kd7 50. Nc5+ Kc6 51. a6 Kb6 52. e5
Ka7 53. e6 fxe6 54. fxe6 g5 55. e7 g4+ 56. Kg3 Kb6 57. e8=Q Kxc5 58. a7 Kb6 59.
a8=R Kb7 60. Qc8+ Kb6 61. Rb8+ Ka5 62. Qc5+ Ka4 63. Qb4# 1-0

[Event "Ä11Â"]
[Site "Loo"]
[Date "2017.04.26"]
[Round "7.19"]
[White "Áåëîóñîâà, Ñîôüÿ."]
[Black "Ôèëàòîâà, Ñîôüÿ."]
[Result "0-1"]
[WhiteElo "1319"]
[BlackElo "1401"]
[PlyCount "60"]
[EventDate "2017.04.20"]

1. e4 e5 2. Nf3 Nc6 3. Nc3 Nf6 4. Be2 d5 5. exd5 Nxd5 6. O-O Nxc3 7. bxc3 Bd6
8. d4 exd4 9. cxd4 O-O 10. Bb2 Re8 11. Re1 Bg4 12. a3 Qf6 13. Rb1 Qh6 14. h3
Bf5 15. Bc1 Qg6 16. Nh4 Bxc2 17. Qd2 Qe4 18. Rxb7 Qxh4 19. Qxc2 Nxd4 20. Qd2
Bf4 21. Qxd4 Bh2+ 22. Kxh2 Qxd4 23. Rxc7 Qe5+ 24. Bf4 Qxf4+ 25. g3 Qxc7 26. Rc1
Qxc1 27. Kg2 Rxe2 28. Kf3 Qd2 29. a4 Rxf2+ 30. Ke4 Re8# 0-1

[Event "Ä11Â"]
[Site "Loo"]
[Date "2017.04.26"]
[Round "7.21"]
[White "Ïÿïèåâà, Àéëàíà."]
[Black "Ëåçèíà, Àííà."]
[Result "1-0"]
[WhiteElo "1250"]
[BlackElo "1325"]
[PlyCount "75"]
[EventDate "2017.04.20"]

1. Nf3 Nf6 2. g3 g6 3. Bg2 Bg7 4. O-O O-O 5. d4 d6 6. c4 c6 7. Nc3 Qa5 8. Re1
Qh5 9. Qd3 Bh3 10. Bxh3 Qxh3 11. Ng5 Qd7 12. e4 h6 13. Nf3 Ne8 14. d5 c5 15. e5
Qd8 16. e6 f5 17. Be3 Na6 18. a3 Nac7 19. Rab1 Rc8 20. Bd2 a6 21. b3 Rb8 22.
Ne2 g5 23. Bc3 Bxc3 24. Qxc3 Nf6 25. Qd3 Ne4 26. Nc3 Nxc3 27. Qxc3 f4 28. Rf1
Ne8 29. Qd3 Kg7 30. b4 Qc7 31. bxc5 dxc5 32. Qc3+ Kg8 33. Ne5 Nf6 34. Rfe1 Rbc8
35. Qd3 Nh5 36. Qg6+ Ng7 37. Qxh6 Rf5 38. Ng6 1-0

[Event "Ä13Ï"]
[Site "Loo"]
[Date "2017.04.26"]
[Round "7.1"]
[White "Ñèäîðîâà, Àëåíà."]
[Black "Æóðîâà, Àííà."]
[Result "1-0"]
[WhiteElo "1506"]
[BlackElo "1843"]
[PlyCount "120"]
[EventDate "2017.04.20"]

1. d4 Nf6 2. c4 e6 3. Nc3 d5 4. Bg5 Nbd7 5. e3 Be7 6. Nf3 O-O 7. Qc2 c6 8. Bd3
Re8 9. O-O Nf8 10. Rfe1 b6 11. e4 dxe4 12. Nxe4 Bb7 13. Rad1 Nh5 14. Bxe7 Qxe7
15. Nc3 Red8 16. d5 cxd5 17. cxd5 Bxd5 18. Nxd5 Rxd5 19. Bxh7+ Nxh7 20. Rxd5
Nf4 21. Rdd1 Qf6 22. Qe4 Rc8 23. b3 Nd5 24. Rc1 Nc3 25. Qd3 Rc5 26. b4 Rc7 27.
Ne5 Nd5 28. Rxc7 Nxc7 29. Qd7 Nd5 30. Qxa7 g6 31. a3 Ng5 32. Qb8+ Kg7 33. Nd7
Qc3 34. Qe5+ Qxe5 35. Nxe5 f6 36. Nc4 Kf7 37. Nd6+ Ke7 38. Ne4 Nf7 39. Rd1 f5
40. Ng3 Ne5 41. Ne2 Nc4 42. Rd3 g5 43. g3 Ne5 44. Rb3 g4 45. Nc3 Nf6 46. Kg2
Kd7 47. h4 gxh3+ 48. Kxh3 Nfg4 49. f4 Nc4 50. Ne2 Kc6 51. Rc3 Kb5 52. Rd3 Kc6
53. Nd4+ Kb7 54. Rc3 Nd6 55. Nxe6 Ne4 56. Rc7+ Kb8 57. Rf7 Nd6 58. Rf8+ Kb7 59.
Nd4 Nh6 60. Rf6 Ne4 1-0

[Event "Ä13Ï"]
[Site "Loo"]
[Date "2017.04.26"]
[Round "7.2"]
[White "Áàäìàåâà, Ýëüçÿòà."]
[Black "Ä¸ìèíîâà, Ìàðèÿ."]
[Result "0-1"]
[WhiteElo "1369"]
[BlackElo "1526"]
[PlyCount "130"]
[EventDate "2017.04.20"]

1. e4 c6 2. d4 d5 3. exd5 cxd5 4. Bd3 Nc6 5. c3 Qc7 6. h3 g6 7. Nf3 Nh6 8. Nbd2
Bf5 9. Be2 Bg7 10. O-O O-O 11. Re1 Nb4 12. Rf1 Bc2 13. Qe1 Nd3 14. Bxd3 Bxd3
15. Ne5 Bxf1 16. Nxf1 f6 17. Nf3 e5 18. dxe5 fxe5 19. Ng3 Nf5 20. Ne2 Rae8 21.
Qd1 Qc5 22. b4 Qc6 23. Bb2 e4 24. Nfd4 Nxd4 25. Nxd4 Qf6 26. Qe2 Re7 27. Rf1
Ref7 28. Bc1 Rc8 29. Bd2 a6 30. Qg4 Re8 31. Be3 h5 32. Qd1 Kh7 33. Qd2 Rc8 34.
Ne2 Qc6 35. Rc1 Be5 36. Nd4 Qd6 37. Ne2 Rfc7 38. Bc5 Qe6 39. Nf4 Bxf4 40. Qxf4
Rf7 41. Qd2 b6 42. Bd4 a5 43. a3 axb4 44. axb4 Ra8 45. Qe3 b5 46. Qe2 Qa6 47.
Rd1 Rc8 48. Bc5 Qb7 49. Ra1 Qc6 50. Ra5 Rb7 51. Qd2 Qd7 52. Qg5 Qd8 53. Qe5
Rxc5 54. Ra6 Rcc7 55. Qe6 Rg7 56. Rd6 Rbd7 57. Rb6 Rde7 58. Qf6 Qd7 59. Rd6 Qe8
60. Rxd5 Re6 61. Qd4 Ra6 62. g3 Ra1+ 63. Kg2 Qf7 64. Qxe4 Kh8 65. Qe3 Qxd5+ 0-1